000 00814 a2200169 4500
003 Nust
005 20230201125536.0
040 _cNust
082 _a940,KIN
100 _aStephan King Hall
_9108372
245 _aOut Times 1900-1960 /
_cStephen king-Hall
260 _aLondon
_bFaber and Faber
_c1961
300 _a352
505 _aOrigins of the pox Britannica (Page-15), The pox Britannica (Page-22),World war I,1914-18 (Page-40), World war I, military (Page-48), World war I, war at sea (Page-63),World war I, victory (Page-78),Evil omens (Page-150), Der fuehrer (Page-161), N.A.T.O and united Europe (Page-245), After Stalin (Page-258), The British revolving (Page-313), The chains people (Page-330),The future of mankind (Page-335).
650 _aOut Times 1900-1960
_9108373
942 _2ddc
_cBK
_k940,KIN
999 _c186982
_d186982